Milli şef ve cümhurreisimizin Ankara Dil ve Tarih-Coğrafya Fakültesini ziyaretleri ve fakültenin yeni binasında tedrisata başlaması (Record no. 642)

MARC details
000 -BAŞLIK
Sabit Uzunlukta Kontrol Alanı 00723na a2200205 4500
001 - KONTROL NUMARASI
Denetim Alanı 13982
003 - KONTROL NUMARASI IDENTIFIER
Denetim Alanı MIRAKIL
005 - SON İŞLEM TARİHİ VE ZAMANI
Denetim Alanı 20181213154756.0
008 - SABİT-BOY VERİ ELEMANLARI - GENEL BİLGİLER
Sabit Uzunlukta Kontrol Alanı 160908b tu 000 0
035 ## - SİSTEM KONTROL NUMARASI
Sistem Kontrol Numarası 13982
040 ## - KATALOGLAMA KAYNAK
Orijinal Kataloglama Ajansı Milas
Kataloglama Dili tur
Metne Dönüştürmek Ajansı TR-AnCHP
082 ## - DEWEY ONLU SINIFLANDIRMA NUMARASI
Sınıflandırma Numarası 923.1561 İnönü,İ.
Ürün Numarası M54m 1941
090 ## - SINIFLAMA NUMARASI
Sınıflama Numarası 923.1561 İnönü,İ. M54m 1941
245 ## - BAŞLIK TABLOSU
Başlık Milli şef ve cümhurreisimizin Ankara Dil ve Tarih-Coğrafya Fakültesini ziyaretleri ve fakültenin yeni binasında tedrisata başlaması
260 ## - YAYIN, DAĞITIM, VB
Yayın, Dağıtım, Vb Yeri İstanbul
Yayıncı, Dağıtıcı, Vs Adı [yayl. y.]
Yayın, Dağıtım, Vb Tarihi 1941
300 ## - FİZİKSEL TANIM
Kapsam 90 s.
Diğer Fiziksel Ayrıntıları fotg.
Boyutlar 21 sm.
600 ## - KONU KATMA GİRİŞ - KURUMSAL ADI
Kişisel Ad İnönü, İsmet
Bir Adıyla İlişkilendirilen Tarihler 1884-1973
Genel Alt Bölümü Törenler
610 ## - KONU KATMA GİRİŞ - TOPLANTI ADI
Giriş Elemanı Olarak Kurumsal Ad Veya Yargı Alanı Adı Ankara Üniversitesi
Alt Birim Dil ve Tarih-Coğrafya Fakültesi
Genel Alt Bölüm Tarih
942 ## - EKLENDİ GİRİŞ ELEMANLARI (KOHA)
Sınıflandırma Veya Raf Düzeni Kaynak Dewey Decimal Classification
Koha Öğesi Türü Books
999 ## - SİSTEM KONTROL NUMARALARI (KOHA)
Koha Biblionumber 642
Koha Biblioitemnumber 642
Holdings
Kalıcı Konum Mevcut Konum Edinme Tarihi Edinim Kaynak Toplam Check-Out'Lar Tam Çağrı Numarası Barkod Tarih Son Görülme İtibaren Geçerli Fiyatlar Koha Öğesi Türü
CHP Kütüphanesi CHP Kütüphanesi 08/23/2016 Bağış   923.1561 İnönü,İ. M54m 1941 001815 08/23/2016 08/23/2016 Books